| 000 | 00612nam a2200169Ia 4500 | ||
|---|---|---|---|
| 003 | GCL | ||
| 008 | 140319s9999 xx 000 0 ara d | ||
| 040 |
_aGCL / _cGCL |
||
| 082 | 0 | 4 |
_a759.912 _bاو |
| 100 | 1 | _aالهيئة العامة للاستعلامات | |
| 245 | 1 | 0 |
_aحامد تدا / _cالهيئة العامة للاستعلامات |
| 260 |
_a[S.N] : _bالهيئة العامة للاستعلامات ، _c1986 |
||
| 490 |
_aوصف مصر المعاصر من خلال الفنون التشكيلية _v0 |
||
| 650 | 0 | 4 | _aالفنون |
| 650 | 0 | 4 | _aالفنون التشكيلية |
| 942 |
_2ddc _cBK |
||
| 999 |
_c55192 _d55192 |
||